000 01492nam a2200241Ia 4500
999 _c55478
_d55478
001 22560
003 GE_BSU
005 20210412172324.0
008 181216s||||||||ge |||||||||||||| ||geo||
040 _cGE_BSU
041 _ageo
080 _a61 მ-15
100 _aმათოშვილი, ზვიად
_911246
245 _aნაადრევი რეპოლარიზაცია როგორც არითმიების განვითარების პრედიქტორი /
_cზვიად მათოშვილი; სამეცნიერო ხელმძღვანელი; შალვა პეტრიაშვილი; თბილისის სახელმწიფო სამედიცინო უნივერსიტეტი.
264 _aთბილისი,
_c2015.
300 _a112 გვ. ;
_b25 სმ.
653 _aმედიცინა
653 _aნაადრევი რეპოლარიზაცია როგორც არითმიების განვითარების პრედიქტორი
653 _aდისერტაცია
700 _aპეტრიაშვილი, შალვა
_eსამეცნიერო ხელმძღვანელი
_93415
710 _a თბილისის სახელმწიფო სამედიცინო უნივერსიტეტი
_911247
942 _cBK
_2udc